The Legend of Zelda: Ocarina of Time Enemies - Statistics

General Stats
  • This quiz has been taken 63 times
  • The average score is 38 of 66
Answer Stats
Hint Answer % Correct
Has it's own castle Ganon
90%
Great King of Evil Ganondorf
90%
Infernal Dinosaur King Dodongo
86%
Spider that comes from the ceiling Skulltula
86%
Skeleton wielding a Sword & Shield Stalfos
86%
Skeleton wielding a Sword & Shield, gets downgraded to a basic enemy Stalfos
86%
Parasitic Armored Arachnid Gohma
84%
Ghost with an Oil Lamp Poe
84%
Phantom Shadow Beast Bongo Bongo
82%
Black doppleganger Dark Link
82%
Lizard-like enemy that you encounter as a Middle Boss first Lizalfos
82%
Lizard-like enemy that gets downgraded to a basic enemy Lizalfos
82%
Octopus-like enemy with an experience at a shooting range Octorok
82%
Evil Spirit from Beyond Phantom Ganon
82%
Sorceress Sisters Twinrova
82%
Slowest flamethrower out there, has a baby version Dodongo
80%
Mummy that can give you an aneurysm ReDead
80%
Collect a hundred of these and save a cursed family Gold Skulltula
78%
Subterranean Lava Dragon Volvagia
78%
Mummy with a stockade of toilet paper Gibdo
74%
Giant Aquatic Amoeba Morpha
74%
Growing shadow from the ceiling that makes you run around aimlessly Wallmaster
74%
Shooting nuts, hiding underground, and runs in panic when hit Deku Scrub
72%
Jellyfish-like enemy that electrocutes on contact, splits into smaller version of himself Bari
70%
Big scary hand that splits into three miniatures hands Floormaster
70%
Furry enemy that can be hit from the back, comes in white aswell Wolfos
70%
Bio-Electric Anemone Barinade
68%
Plant with a big appetite, standing or lunging Deku Baba
68%
Bat-like enemies that comes in three variants, normal, ice and fire Keese
68%
Soldier Statues that come to life when coming near Armos
62%
Gelatinous enemy with a hobby of stealing items Like Like
62%
Floating Skull, comes in blue, red, green and white Bubble
60%
Big dark-skinned babies, with two variants, Club and Spear Moblin
60%
Deku Scrub that means Business, often thinking that Link is an enemy Business Scrub
58%
Skeleton with Heliophobia Stalchild
54%
four-legged jumping enemy, can skim on water, comes in blue and red Tektite
54%
Baby version of a boss from the same fiery dungeon Baby Dodongo
52%
Zombie that can crack a jawbreaker in a snap Dead Hand
52%
Armored warrior who waits for no one, except Link Iron Knuckle
52%
Pineapple looking enemy with Blades for Hire, has a larva variant Peahat
52%
Jackal-like creature with an Egyptian God name Anubis
50%
One of the Poe Sisters, green flame Amy
48%
Giant Octopus with a giant green buttocks Big Octo
48%
One of the composer brothers, lower pitch Flat
48%
Jelly with a mouth ontop, chases Link across sands Leever
48%
one of the composer brothers, higher pitch Sharp
48%
Friendly when young, shooting needles when adult Skull Kid
46%
Pirouette galore, fiery spirit Flare Dancer
44%
One of the Poe Sisters, blue flame Beth
40%
Bird with a heavy pocket, that flies towards Link Guay
40%
Limbs of a Boss inside a Big Fish Parasitic Tentacle
40%
One of the Poe Sisters, purple flame Meg
38%
Frozen enemy that blows icy gales Freezard
36%
One-eyed enemy that comes from an egg with mummy as a Boss Gohma Larva
36%
Spider that hangs on the wall Skullwalltula
36%
Jellyfish-like enemy that comes after a split of a bigger enemy of the same type Biri
34%
Lizard-like enemy with a boss variant Dinolfos
34%
Link's favorite way to get rich quick, until it starts flying towards him Flying Pot
34%
Agile Swordswoman, guarding a captive carpenter Gerudo Thief
32%
One of the Poe Sisters, red flame Joelle
28%
Flame-based mollusks that can turn your wooden shield to ash Torch Slug
24%
Comes with every house, drops down when trying to interact Door that Falls Down
22%
Clam with a mouth instead of a pearl Shell Blade
20%
Floating bubble with an explosive trait Shabom
18%
Manta ray-like enemy Stinger
16%
Electricity worm, exclusively inside a big fish Tailpasaran
14%
No matching quizzes found
Score Distribution
Percent of People with Each Score
Percentile by Number Answered
Your Score History
You have not taken this quiz